阪急電鉄の定期の行先 - Statistics

General Stats
  • This quiz has been taken 323 times
  • The average score is 34 of 38
Answer Stats
路線名 解答 % Correct
阪急電鉄今津線 宝塚
98%
阪急電鉄宝塚本線 宝塚
98%
阪急電鉄伊丹線 伊丹
97%
阪急電鉄神戸本線 神戸三宮
96%
阪急電鉄京都本線 京都河原町
96%
阪急電鉄嵐山線 嵐山
95%
阪急電鉄神戸本線 大阪梅田
94%
阪急電鉄神戸本線 新開地
94%
阪急電鉄宝塚本線 大阪梅田
94%
阪急電鉄京都本線 大阪梅田
94%
阪急電鉄神戸本線 西宮北口
93%
阪急電鉄今津線 西宮北口
93%
阪急電鉄京都本線 高槻市
92%
阪急電鉄今津線 今津
91%
阪急電鉄千里線 北千里
91%
阪急電鉄嵐山線
91%
阪急電鉄京都本線
91%
阪急電鉄甲陽園線 甲陽園
90%
阪急電鉄箕浦線 箕面
90%
阪急電鉄京都本線 茨木市
90%
阪急電鉄神戸本線 高速神戸
89%
阪急電鉄宝塚本線 雲雀丘花屋敷
89%
能勢電鉄日生線 日生中央
89%
阪急電鉄千里線 淡路
87%
阪急電鉄千里線 天神橋筋六丁目
87%
大阪メトロ6号堺筋線 天神橋筋六丁目
87%
阪急電鉄宝塚本線 川西能勢口
85%
能勢電鉄妙見線 川西能勢口
85%
阪急電鉄甲陽園線 夙川
84%
能勢電鉄妙見線 妙見口
84%
大阪メトロ6号堺筋線 天下茶屋
84%
阪急電鉄伊丹線 塚口
83%
阪急電鉄宝塚本線 豊中
82%
阪急電鉄箕浦線 石橋阪大前
79%
阪急電鉄京都本線 正雀
76%
阪急電鉄宝塚本線 池田
72%
能勢電鉄妙見線 山下
72%
能勢電鉄日生線 山下
72%
No matching quizzes found
Score Distribution
Percent of People with Each Score
Percentile by Number Answered
Your Score History
You have not taken this quiz